000 00341nam a22001217a 4500
008 160505b xxu||||| |||| 00| 0 eng d
020 _a9780071454100
020 _a0071454101
041 _aeng
080 _a61
245 _aCurrent medical diagnosis treatment:
_cLawrence M.Tierney Jr;Stephen J. McPhee; Maxine A.Papadakis;
942 _2udc
_cBK
999 _c1822
_d1822